<?xml version="1.0" encoding="UTF-8"?>
<marc:record xmlns:marc="http://www.loc.gov/MARC21/slim">
   <marc:leader>00000nam a2200000 a 4500</marc:leader>
   <marc:datafield ind1="1" ind2=" " tag="100">
      <marc:subfield code="a">Lebon, Franck</marc:subfield>
      <marc:subfield code="4">aut</marc:subfield>
      <marc:subfield code="e">Verfasser/-in</marc:subfield>
   </marc:datafield>
   <marc:datafield ind1="1" ind2=" " tag="100">
      <marc:subfield code="a">Allouche, Eric</marc:subfield>
      <marc:subfield code="4">aut</marc:subfield>
      <marc:subfield code="e">Verfasser/-in</marc:subfield>
   </marc:datafield>
   <marc:datafield ind1="1" ind2=" " tag="100">
      <marc:subfield code="a">Fingberg, Eckart</marc:subfield>
      <marc:subfield code="4">aut</marc:subfield>
      <marc:subfield code="e">Verfasser/-in</marc:subfield>
   </marc:datafield>
   <marc:datafield ind1="1" ind2=" " tag="100">
      <marc:subfield code="a">Mädel, Michael</marc:subfield>
   </marc:datafield>
   <marc:datafield ind1="0" ind2="0" tag="245">
      <marc:subfield code="a">Jasper - der Pinguin - Staffel 2 - Folge 22: Jasper und der Schneehund</marc:subfield>
   </marc:datafield>
   <marc:datafield ind1="0" ind2="0" tag="245">
      <marc:subfield code="c">Produktion: Roch Lener, Sunita Struck; Regie: Frédéric Mège, Udo Beissel; Musik: Franck Lebon, Eric Allouche; Drehbuch: Eckart Fingberg, Michael Mädel</marc:subfield>
   </marc:datafield>
   <marc:datafield ind1=" " ind2="1" tag="264">
      <marc:subfield code="a">Potsdam</marc:subfield>
      <marc:subfield code="b">filmwerte GmbH</marc:subfield>
      <marc:subfield code="c">2022</marc:subfield>
   </marc:datafield>
   <marc:datafield ind1="1" ind2=" " tag="520">
      <marc:subfield code="a">Ein perfekter Tag für Jasper: es hat geschneit und er hat einen fetten Fisch gefangen. Gerade bestaunt er den Schneemann, den ein paar Kinder gebaut haben, als eine Katze sich den Fisch schnappt und damit wegrennt. Verärgert baut Jasper in seiner Wohnung eine Katzenfalle. Doch anstelle der Katze erwischt es Emma. Die ist aber zum Glück nicht sauer, sondern hilft Jasper, den Fischdieb zu verfolgen. Sie beobachtet, dass die Katze vor Hunden einen Riesenrespekt hat. Und warum gibt es eigentlich nur Schneemänner, aber keine Schneehunde?</marc:subfield>
   </marc:datafield>
   <marc:datafield ind1=" " ind2=" " tag="041">
      <marc:subfield code="a">ger</marc:subfield>
   </marc:datafield>
   <marc:datafield ind1=" " ind2=" " tag="300">
      <marc:subfield code="a">1 Online-Ressource (6 min), Bild: 16:9 HD</marc:subfield>
   </marc:datafield>
</marc:record>
